The Culture of nature : (Record no. 8193)

MARC details
000 -LEADER
fixed length control field 00715nam a22002172 4500
001 - CONTROL NUMBER
control field 0000012155
005 - DATE AND TIME OF LATEST TRANSACTION
control field 20151217152107.0
008 - FIXED-LENGTH DATA ELEMENTS--GENERAL INFORMATION
fixed length control field 090211s xx 000 0 eng d
020 ## - INTERNATIONAL STANDARD BOOK NUMBER
International Standard Book Number 1557863369 :
040 ## - CATALOGING SOURCE
Original cataloging agency KABU
Transcribing agency KABU
100 1# - MAIN ENTRY--PERSONAL NAME
Personal name Wilson, Alexander.
-- 0000168375
245 14 - TITLE STATEMENT
Title The Culture of nature :
Remainder of title North American landscape from Disney to Exxon Valdez /
Statement of responsibility, etc. Alexander Wilson.
250 ## - EDITION STATEMENT
Edition statement 1st ed.
260 ## - PUBLICATION, DISTRIBUTION, ETC. (IMPRINT)
Place of publication, distribution, etc. Oxford :
Name of publisher, distributor, etc. Blackwell,
Date of publication, distribution, etc. 1992.
300 ## - PHYSICAL DESCRIPTION
Extent 335 p.
650 #0 - SUBJECT ADDED ENTRY--TOPICAL TERM
Topical term or geographic name as entry element Landscape assessment
Geographic subdivision North America.
-- 0000168376
650 #0 - SUBJECT ADDED ENTRY--TOPICAL TERM
Topical term or geographic name as entry element Human ecology
General subdivision Philosophy
Geographic subdivision North America.
-- 0000168377
852 1# - LOCATION
-- p500 KES
908 ## - PUT COMMAND PARAMETER (RLIN)
Put command parameter 090211
950 ## - LOCAL HOLDINGS (RLIN)
-- 1
Holdings
Withdrawn status Lost status Source of classification or shelving scheme Not for loan Home library Current library Date acquired Total Checkouts Full call number Barcode Date last seen Price effective from Koha item type
    Library of Congress Classification   Kabarak, Main Campus Kabarak, Main Campus 17/12/2015   GF91 .N7W55 1992 c. 1 16562 17/12/2015 17/12/2015 General Collection
Designed with assistance from East African Informatics Ltd